La province de Touraine de A à Z - Statistiques

Statistiques générales
  • Ce quiz a été pris 7 fois
  • Le résultat moyen est 7 sur 26
Statistiques - réponses
Lettre Question Réponse % Correct
D En 1312, le comté de Touraine devient un duché
100%
I Département constitué d'une part de la Touraine Indre-et-Loire | Indre
100%
M Tours est, dès le haut moyen-âge un lieu de pèlerinage sur le tombeau de ce saint Martin
86%
H Auteur de la Comédie humaine né à Tours (prénom et nom) Honoré de Balzac
57%
U Château de Touraine qui a inspiré Charles Perrault lors de l'écriture de La Belle au bois dormant Ussé
57%
Z La Haute-Touche est une réserve zoologique
43%
A Le suzerain de ce comté met la main sur la Touraine en 1044 Anjou
29%
B Terres marécageuses situées en Touraine Brenne
29%
G Il écrit une histoire universelle du monde vers 572 Grégoire de Tours
29%
J Roi d'Angleterre qui est contraint d'abandonner ses droits sur le comté après la victoire française de Bouvines Jean sans Terre
29%
N Sous le règne de Clovis, la Touraine est intégrée à la Neustrie
29%
R Poète membre de la Pléiade né en 1524 (prénom et nom) Pierre de Ronsard
29%
C Lieutenant de César qui conquiert la Touraine Crassus
14%
F Abbaye bénédictine fondée au XIe siècle et toujours active Fontgombault
14%
L 1ère maitresse de Louis XIV née à Tours (prénom et nom) Louise de La Vallière
14%
S Officier au service du roi d'Angleterre qui administrait Tours (fonction) sénéchal
14%
Q Poète néolatin né à Chinon en 1602 (prénom et nom) Claude Quillet
0%
X Romancière née à Blois en 1930 (prénom et nom) Françoise Xenakis
0%
E Ami de Louis XIII également connu sous le nom de Cinq-Mars dont il est marquis (prénom et nom) Henri d'Effiat
0%
K Ville du Maroc jumelée avec Tours Khouribga
0%
O En Touraine ils se préparent en "couille d'âne" Oeufs
0%
P Commune de Touraine qui a vu mourir Louis XI Plessis-lèz-Tours
0%
T Nom viking de la Touraine Turskaland | Tuskaland
0%
V 1er comte de Tours nommé par Charles le Chauve Vivien
0%
W Prêtre catholique né à Blois en 1816 converti à l'Orthodoxie (prénom et nom) Wladimir Guettée
0%
Y Cours d'eau de Touraine sous-affluent de la Loire Yoson
0%
Aucun quiz correspondant
Distribution des résultats
% des personnes avec chaque résultat
Percentile par nombre de réponses
Votre historique - résultats
Vous n’avez pas pris ce quiz